000 00498nam a2200157Ia 4500
999 _c20719
_d20719
003 OSt
005 20200625111852.0
008 190216s9999||||xx |||||||||||||| ||und||
040 _coclc
082 _a954.0420924
_bNEH/J
100 _aNehru, Jawaharlal
_93188
245 0 _aJawaharlal Nehru An Autobiography /
_cJawaharlal Nehru
260 _bJawaharlal Nehru Memorial Fund,
_c1999.
_aNew Delhi;
300 _a623p
942 _cBK
_2ddc
_h954.0420924
_iNEH/J
_k954.0420924
_mNEH/J